| 000 | 00349nam a2200133Ia 4500 | ||
|---|---|---|---|
| 005 | 20260328104311.0 | ||
| 008 | 260328s9999||||xx |||||||||||||| ||und|| | ||
| 100 | _aGebhard, David | ||
| 245 | 3 |
_aAn Architectural GuideBook to Los Angeles / _cDavid Gebhard |
|
| 260 | _bAngel City Press | ||
| 300 | _a543 p. | ||
| 650 | _aLOS ANGELES | ||
| 942 | _cBK | ||
| 999 |
_c10961 _d10961 |
||